|
|
|
|
| LEADER |
00668nam a22001817a 4500 |
| 001 |
1013 |
| 003 |
BD-DhAAL |
| 008 |
130819s1981 xxu|||| 000 0 eng |
| 082 |
|
|
|2 20
|a 332.1/52
|
| 100 |
1 |
|
|a Maddux, John L.
|9 2669
|
| 245 |
|
4 |
|a The development philosophy of Robert S. McNamara /
|c John L. Maddux.
|
| 260 |
|
|
|a Washington, D. C. :
|b World Bank,
|c 1981
|
| 300 |
|
|
|a 48 p. ;
|c 22 cm.
|
| 600 |
|
|
|a Robert S. McNamara
|9 2670
|
| 650 |
|
|
|a World Bank.
|9 2671
|
| 942 |
|
|
|2 ddc
|c BK
|
| 999 |
|
|
|c 13852
|d 13852
|
| 952 |
|
|
|0 0
|1 0
|2 ddc
|4 0
|6 332_152000000000000_MAD
|7 0
|9 23181
|a BRACUL
|b BRACUL
|c GEN
|d 2013-08-19
|g 0.00
|l 0
|o 332.152 MAD
|p 3010001013
|r 2013-08-19
|t 1
|w 2013-08-19
|y BK
|z Not price in Register
|